The Haiti Quiz Stats

Quiz Updated Mar 27, 2017

Also try: The India Quiz
Challenge
Share
Tweet
Embed
Score 0/50 Timer 07:00
10 Plays Today
Hint Answer % Correct
Primary Flag ColorRed
96.9%
Primary Flag ColorBlue
96.2%
Primary Flag ColorWhite
95.1%
Oldest Institution of Higher LearningUniversity of Haiti
88.9%
Official LanguageFrench
87.8%
Lowest Point (0 m)Caribbean Sea
86.9%
Capital CityPort-au-Prince
85.1%
Largest CityPort-au-Prince
85.1%
Drives on the...Right
84.8%
Nationality (Demonym)Haitian
83.5%
Bordering OceanAtlantic Ocean
80.4%
Bordering CountryDominican Republic
80.3%
Most Popular SportFootball (Soccer)
80.2%
Age of Suffrage18
78.5%
Largest Religious DenominationRoman Catholic
78.4%
Independence FromFrance
77%
Official NameRepublic of Haiti
73.4%
Bordering SeaCaribbean Sea
72.7%
Internet Country Code.ht
68.6%
Total Population (Millions)10.1
68.4%
# of Departments10
64.6%
Official LanguageHaitian Creole
61.3%
Famous Syncretic ReligionVoodoo
54%
Largest Island*Hispaniola
49.4%
CurrencyHaitian Gourde (HTG)
23.4%
Hint Answer % Correct
Independence DayJanuary 1, 1804
20.9%
PresidentJovenel Moïse
18.8%
Official MottoLiberty, Equality, Fraternity
16.4%
Prime MinisterJack Guy Lafontant
16.1%
Leader of Haitian RevolutionToussaint Louverture
15.9%
Second Largest CityCarrefour
14.7%
Third Largest IslandTortuga
14.6%
National AnthemLa Dessalinienne
13.1%
Third Largest CityDelmas
12.8%
First Independent RulerJean-Jacques Dessalines
11.8%
Longest RiverArtibonite River
10.3%
Largest DepartmentArtibonite
10.3%
Brightly Painted TaxisTap tap
10.2%
Smallest DepartmentNippes
8.6%
Second Largest IslandGonâve Island
8.2%
Presidential ResidenceNational Palace
7.7%
Highest Point (2,680 m)Chaine de la Selle
7.5%
National BirdHispaniolan Trogon
7.1%
Most Famous Rum BrandRhum Barbancourt
6.7%
Largest LakeEtang Saumâtre
6.6%
Last Major Battle of RevolutionBattle of Vertières
5.6%
UNESCO World Heritage SiteCitadelle Laferrière
5%
Christopher Columbus Landing TownMôle-Saint-Nicolas
4.7%
Largest PeninsulaTiburon Peninsula
4.5%
Largest Stadium**Sylvio Cator Stadium
4.2%

You're not logged in!

Compare scores with friends on all Sporcle quizzes.
Sign Up with Email
OR
Log In

You Might Also Like...

Show Comments

Extras

Top Quizzes Today


Score Distribution

Your Account Isn't Verified!

In order to create a playlist on Sporcle, you need to verify the email address you used during registration. Go to your Sporcle Settings to finish the process.